000 01362nam a2200241Ia 4500
003 PE SENCICO BE
005 20251020182433.0
008 200515s9999 xx 000 0 und d
040 _aPE SENCICO BE
_cPE SENCICO BE
041 _aspa
082 _a153.15
_bL77
100 1 _aLogan, Frank A.
_92681
_eautor
245 0 _aFundamentos de aprendizaje y motivación /
_cFrank A. Logan
250 _a1a ed.
260 _aMéxico, D.F. :
_bTrillas ;
_c1976
300 _a278 p. :
_bgraf. :
_c22 cm.
505 0 _aIntroducción al aprendizaje -- El estímulo -- La respuesta -- La respuesta anticipada -- La teoría cientifica del condicionamiento clásico -- Reforzamiento positivo -- Reforzamiento negativo -- Persistencia de la respuesta: extinción contracondicionamiento y castigo -- Generalización, discriminación y diferenciación -- Visión general del aprendizaje -- Introducción a la motivación -- Motivación primaria -- Motivación secundaria -- Motivación de incentivo.
520 3 _aDescripción a nivel de los primeros años de la carrera, los principios fundamentales del aprendizaje y la motivación, y su utilidad para predecir y controlar la adquisición de respuestas importantes para el individuo.
650 1 0 _aAprendizaje
_92282
650 2 0 _aMotivación
_9933
650 2 0 _aPsicología de la educación
_92680
942 _cLIB
_2ddc
999 _c310
_d310